| 000 | 01006cab a22002055a 4500 | ||
|---|---|---|---|
| 001 | L158906 | ||
| 008 | 150923e20150822xxk 000 0 eng d | ||
| 035 | _a(Sirsi) u158906 | ||
| 041 | 0 | _aeng | |
| 100 | 1 | _aFerguson, S | |
| 245 | 0 | 0 | _aDon't abandon hope |
| 260 | _c2015 | ||
| 490 |
_aEstates Gazette _v(1533) 22 August 2015, 54-55(2) |
||
| 520 | _aProposals from the Law Commission that will make it easier for developers despite the courts maintaining a strict approach to abandonment of easements. The Commissions proposals argue that abandonment of easements should be easier to establish and proposes a rebuttable presumption of abandonment after 20 years of non-use. The government is now considering the report and a decision is likely in 2015. | ||
| 590 | _aKA | ||
| 651 | 4 | _aUnited Kingdom | |
| 690 |
_aPlanning and development _96259 |
||
| 856 | 4 | 0 |
_uhttps://www.lawcom.gov.uk/wp-content/uploads/2015/03/lc327_easements_report.pdf _zView the Law Commission report free of charge |
| 942 | _n0 | ||
| 999 |
_c84726 _d84726 |
||